[Event "Langenhagen Summer op 1st"]
[Site "Langenhagen"]
[Date "2019.07.06"]
[Round "5"]
[White "Cording, Harm Wilhelm"]
[Black "Cording, Thomas"]
[Result "1/2-1/2"]
[WhiteElo "2204"]
[BlackElo "2081"]
[PlyCount "26"]
[EventDate "2019.07.04"]
[EventType "swiss"]
[EventRounds "7"]
[EventCountry "GER"]
[SourceTitle "EXT 2020"]
[Source "ChessBase"]
[SourceDate "2019.10.17"]
[SourceVersion "1"]
[SourceVersionDate "2019.10.17"]
[SourceQuality "1"]

1. d4 d5 2. c4 c6 3. e3 Nf6 4. Nc3 Bf5 5. Bd3 Bxd3 6. Qxd3 e6 7. Nf3 Nbd7 8. 0-0 dxc4 9. Qxc4 c5 10. Rd1 cxd4 11. Nxd4 a6 12. e4 Rc8 13. Qe2 Qc7 1/2-1/2

[Event "Langenhagen Summer op 1st"]
[Site "Langenhagen"]
[Date "2019.07.06"]
[Round "6"]
[White "Eilert, Marius"]
[Black "Cording, Harm Wilhelm"]
[Result "1-0"]
[WhiteElo "2039"]
[BlackElo "2204"]
[PlyCount "81"]
[EventDate "2019.07.04"]
[EventType "swiss"]
[EventRounds "7"]
[EventCountry "GER"]
[SourceTitle "EXT 2020"]
[Source "ChessBase"]
[SourceDate "2019.10.17"]
[SourceVersion "1"]
[SourceVersionDate "2019.10.17"]
[SourceQuality "1"]

1. e4 e6 2. d4 d5 3. Nd2 Nf6 4. e5 Nfd7 5. Bd3 c5 6. c3 Nc6 7. Ndf3 a5 8. a3 a4 9. h4 Nb6 10. Nh3 cxd4 11. cxd4 h6 12. Nf4 Na5 13. Nd2 Bd7 14. Rh3 Rc8 15. Qg4 Nbc4 16. Nh5 Qe7 17. Nxg7+ Kd8 18. Nh5 Bb5 19. Nf6 Kc7 20. Bxc4 Bxc4 21. Nxc4 Nxc4 22. b3 axb3 23. Rxb3 Kb8 24. Rab1 Rc7 25. g3 Qd8 26. Nh5 Qc8 27. Qf4 Be7 28. Kf1 Bd8 29. Bd2 Be7 30. Bc1 Bd8 31. Kg2 Na5 32. Rb5 Nc4 33. a4 Be7 34. R1b3 Qe8 35. Qf3 Qc6 36. Rb1 Qa6 37. Qb3 Qa7 38. Nf4 Ka8 39. Nd3 Rb8 40. Nb4 Qxd4 41. Na6 1-0

[Event "Langenhagen Summer op 1st"]
[Site "Langenhagen"]
[Date "2019.07.04"]
[Round "2"]
[White "Helmer, Jan"]
[Black "Cording, Harm Wilhelm"]
[Result "1-0"]
[WhiteElo "1886"]
[BlackElo "2204"]
[PlyCount "57"]
[EventDate "2019.07.04"]
[EventType "swiss"]
[EventRounds "7"]
[EventCountry "GER"]
[SourceTitle "EXT 2020"]
[Source "ChessBase"]
[SourceDate "2019.10.17"]
[SourceVersion "1"]
[SourceVersionDate "2019.10.17"]
[SourceQuality "1"]

1. d4 e6 2. Nf3 Nf6 3. e3 c5 4. Bd3 b6 5. 0-0 Bb7 6. Nbd2 Be7 7. b3 0-0 8. Bb2 Nc6 9. a3 d6 10. c4 Qc7 11. Qc2 e5 12. d5 Nb8 13. Ng5 g6 14. f4 Ng4 15. Rae1 Qd8 16. h3 Nh6 17. Ngf3 exf4 18. Qc3 f6 19. exf4 Bc8 20. g4 Na6 21. Re2 Kf7 22. Rfe1 Ng8 23. Ne4 Nc7 24. g5 Ne8 25. gxf6 Nexf6 26. Neg5+ Kg7 27. Nh4 Rb8 28. f5 Rb7 29. fxg6 1-0

[Event "Hamburg Seniors-ch 20th"]
[Site "Hamburg"]
[Date "2013.11.04"]
[Round "6"]
[White "Cassens, Erhard Otto"]
[Black "Cording, Harm Wilhelm"]
[Result "1/2-1/2"]
[WhiteElo "1682"]
[BlackElo "2039"]
[PlyCount "28"]
[EventDate "2013.10.30"]
[EventType "swiss"]
[EventRounds "9"]
[EventCountry "GER"]
[SourceTitle "EXT 2015"]
[Source "ChessBase"]
[SourceDate "2014.11.20"]
[SourceVersion "1"]
[SourceVersionDate "2014.11.20"]
[SourceQuality "1"]

1. d4 Nf6 2. Bf4 c5 3. c3 b6 4. e3 Bb7 5. h3 e6 6. Nf3 Be7 7. Nbd2 0-0 8. Bd3 d5 9. Ne5 Nc6 10. Nxc6 Bxc6 11. Nf3 Bb7 12. Qe2 Ne4 13. Ba6 Bxa6 14. Qxa6 Qc8 1/2-1/2

[Event "Hamburg Seniors-ch 20th"]
[Site "Hamburg"]
[Date "2013.10.30"]
[Round "1"]
[White "Cording, Harm Wilhelm"]
[Black "Behrensen Senfft, Joern"]
[Result "1-0"]
[WhiteElo "2039"]
[BlackElo "1521"]
[PlyCount "55"]
[EventDate "2013.10.30"]
[EventType "swiss"]
[EventRounds "9"]
[EventCountry "GER"]
[SourceTitle "EXT 2015"]
[Source "ChessBase"]
[SourceDate "2014.11.20"]
[SourceVersion "1"]
[SourceVersionDate "2014.11.20"]
[SourceQuality "1"]

1. e4 e6 2. d4 d5 3. Nd2 c5 4. exd5 exd5 5. Ngf3 Nc6 6. Bb5 Qb6 7. Qe2+ Be6 8. 0-0 c4 9. Bxc4 Nxd4 10. Nxd4 dxc4 11. Nxe6 Qxe6 12. Qxe6+ fxe6 13. Nxc4 Rc8 14. Ne3 Bc5 15. c3 Ne7 16. Bd2 0-0 17. Rad1 Rcd8 18. Bc1 Rxd1 19. Rxd1 Nf5 20. Rd7 b5 21. Nxf5 exf5 22. Be3 Re8 23. Rd5 f4 24. Rxc5 a6 25. Bd2 Re2 26. Rd5 g5 27. Kf1 Re6 28. Rxg5+ 1-0

[Event "Hamburg Seniors op 19th"]
[Site "Hamburg"]
[Date "2012.11.01"]
[Round "9"]
[White "Ditmas, Hugh"]
[Black "Cording, Harm Wilhelm"]
[Result "1/2-1/2"]
[WhiteElo "1921"]
[BlackElo "2060"]
[PlyCount "87"]
[EventDate "2012.10.24"]
[EventType "swiss"]
[EventRounds "9"]
[EventCountry "GER"]
[SourceTitle "EXT 2015"]
[Source "ChessBase"]
[SourceDate "2014.11.20"]
[SourceVersion "1"]
[SourceVersionDate "2014.11.20"]
[SourceQuality "1"]

1. d4 e6 2. c4 Nf6 3. Nf3 Bb4+ 4. Bd2 Qe7 5. g3 Nc6 6. Bg2 Bxd2+ 7. Qxd2 d6 8. 0-0 0-0 9. Nc3 a5 10. b3 Re8 11. e3 e5 12. Ne1 Bf5 13. dxe5 Qxe5 14. Nf3 Qe7 15. Nd4 Nxd4 16. Qxd4 c6 17. Rfd1 Qe5 18. Rd2 Rad8 19. Qxe5 dxe5 20. Rad1 Rxd2 21. Rxd2 Kf8 22. Kf1 Ke7 23. h4 Rd8 24. Rxd8 Kxd8 25. Ke2 Kc7 26. a3 Nd7 27. b4 axb4 28. axb4 Be6 29. c5 b6 30. cxb6+ Nxb6 31. Be4 f5 32. Bd3 e4 33. Bb1 Bc4+ 34. Kd2 Nd7 35. Ba2 Bxa2 36. Nxa2 Ne5 37. Ke2 Kb6 38. Nc3 Nd3 39. f3 Nc1+ 40. Kf2 exf3 41. Kxf3 Nd3 42. h5 g5 43. hxg6 hxg6 44. e4 1/2-1/2

[Event "Hamburg Seniors op 19th"]
[Site "Hamburg"]
[Date "2012.10.31"]
[Round "8"]
[White "Cording, Harm Wilhelm"]
[Black "Hotze, Kurt"]
[Result "1-0"]
[WhiteElo "2060"]
[BlackElo "1612"]
[PlyCount "49"]
[EventDate "2012.10.24"]
[EventType "swiss"]
[EventRounds "9"]
[EventCountry "GER"]
[SourceTitle "EXT 2015"]
[Source "ChessBase"]
[SourceDate "2014.11.20"]
[SourceVersion "1"]
[SourceVersionDate "2014.11.20"]
[SourceQuality "1"]

1. d4 Nf6 2. Nf3 e6 3. e3 b6 4. Bd3 Ba6 5. c4 d5 6. cxd5 Bxd3 7. Qxd3 Nxd5 8. a3 Be7 9. 0-0 f5 10. e4 fxe4 11. Qxe4 0-0 12. Qxe6+ Kh8 13. Ne5 Nf4 14. Bxf4 Rxf4 15. Nf7+ Rxf7 16. Qxf7 Nc6 17. d5 Nd4 18. Nc3 Bd6 19. Rae1 h6 20. Re4 Qg5 21. h4 Qd2 22. Rd1 Qxb2 23. Re8+ Rxe8 24. Qxe8+ Kh7 25. Qe4+ 1-0

[Event "Hamburg Seniors op 19th"]
[Site "Hamburg"]
[Date "2012.10.27"]
[Round "4"]
[White "Cording, Harm Wilhelm"]
[Black "Gerigk, Wolf"]
[Result "1/2-1/2"]
[WhiteElo "2060"]
[BlackElo "1998"]
[PlyCount "54"]
[EventDate "2012.10.24"]
[EventType "swiss"]
[EventRounds "9"]
[EventCountry "GER"]
[SourceTitle "EXT 2015"]
[Source "ChessBase"]
[SourceDate "2014.11.20"]
[SourceVersion "1"]
[SourceVersionDate "2014.11.20"]
[SourceQuality "1"]

1. f4 d5 2. Nf3 g6 3. g3 Bg7 4. Bg2 Nh6 5. 0-0 0-0 6. d3 d4 7. c4 c5 8. Na3 Nc6 9. Nc2 Nf5 10. Qe1 Qb6 11. g4 Nd6 12. Qh4 f5 13. Ng5 h6 14. Bd5+ Kh8 15. Ne6 Bxe6 16. Bxe6 Nd8 17. Bd5 e6 18. Bf3 a5 19. Kh1 N8f7 20. b3 Qd8 21. Qxd8 Nxd8 22. Bd2 Nc6 23. a3 e5 24. gxf5 Nxf5 25. b4 exf4 26. b5 Nd8 27. Bxf4 Nh4 1/2-1/2

[Event "Hamburg Seniors op 19th"]
[Site "Hamburg"]
[Date "2012.10.25"]
[Round "2"]
[White "Cording, Harm Wilhelm"]
[Black "Soltau, Achim"]
[Result "1/2-1/2"]
[WhiteElo "2060"]
[BlackElo "1879"]
[PlyCount "52"]
[EventDate "2012.10.24"]
[EventType "swiss"]
[EventRounds "9"]
[EventCountry "GER"]
[SourceTitle "EXT 2015"]
[Source "ChessBase"]
[SourceDate "2014.11.20"]
[SourceVersion "1"]
[SourceVersionDate "2014.11.20"]
[SourceQuality "1"]

1. f4 g6 2. Nf3 d5 3. g3 Bg7 4. Bg2 Nf6 5. 0-0 0-0 6. d3 d4 7. Na3 c5 8. Nc4 Nc6 9. e4 dxe3 10. Bxe3 Nd4 11. c3 Nxf3+ 12. Bxf3 Qc7 13. Qe2 Be6 14. Nd2 Rad8 15. Ne4 b6 16. a4 Rd7 17. a5 Rfd8 18. axb6 axb6 19. Nf2 Bd5 20. Ra3 h5 21. Rfa1 Bxf3 22. Qxf3 Ng4 23. Ra8 Nxf2 24. Bxf2 Qd6 25. Rxd8+ Rxd8 26. Ra8 e6 1/2-1/2

[Event "Pinneberg-ch"]
[Site "Pinneberg"]
[Date "2006.09.28"]
[Round "7.10"]
[White "Cording, Harm Wilhelm"]
[Black "Hasenbank, Dirk"]
[Result "1-0"]
[WhiteElo "2241"]
[BlackElo "2067"]
[PlyCount "65"]
[EventDate "2006.08.22"]
[EventType "swiss"]
[EventRounds "7"]
[EventCountry "GER"]
[SourceTitle "EXT 2007"]
[Source "ChessBase"]
[SourceDate "2006.11.23"]
[SourceVersion "1"]
[SourceVersionDate "2006.11.23"]
[SourceQuality "1"]

1. d4 Nf6 2. c4 e6 3. Nc3 Bb4 4. Qc2 Nc6 5. Nf3 d5 6. cxd5 exd5 7. Bg5 Be7 8. e3 0-0 9. a3 Be6 10. Bd3 h6 11. Bh4 Nd7 12. Bg3 Nb6 13. 0-0 Bg4 14. Nd2 Re8 15. b4 Bd6 16. Bxd6 Qxd6 17. Nb3 Re7 18. Nc5 Nd8 19. Rfc1 c6 20. a4 Nd7 21. a5 Nf8 22. b5 Ng6 23. a6 b6 24. Nb3 Rc8 25. Qd2 Nh4 26. bxc6 Rxc6 27. Nb5 Qf6 28. f4 Bh3 29. Rxc6 Nxc6 30. Rc1 Nd8 31. Bf1 Qg6 32. Kh1 Qe4 33. Nc3 1-0

[Event "Pinneberg-ch"]
[Site "Pinneberg"]
[Date "2006.09.01"]
[Round "3.15"]
[White "Cording, Harm Wilhelm"]
[Black "Oelrichs, Manfred"]
[Result "1/2-1/2"]
[WhiteElo "2241"]
[BlackElo "1748"]
[PlyCount "78"]
[EventDate "2006.08.22"]
[EventType "swiss"]
[EventRounds "7"]
[EventCountry "GER"]
[SourceTitle "EXT 2007"]
[Source "ChessBase"]
[SourceDate "2006.11.23"]
[SourceVersion "1"]
[SourceVersionDate "2006.11.23"]
[SourceQuality "1"]

1. d4 Nf6 2. c4 g6 3. Nc3 d5 4. cxd5 Nxd5 5. e4 Nxc3 6. bxc3 Bg7 7. Be3 0-0 8. Qd2 Nd7 9. Nf3 b6 10. Bh6 Bb7 11. Bd3 Nf6 12. Bxg7 Kxg7 13. e5 Ne4 14. Bxe4 Bxe4 15. Qe3 Qd5 16. Nd2 Bf5 17. 0-0 Rac8 18. c4 Qb7 19. Nb3 a5 20. d5 c5 21. a4 h5 22. Nd2 f6 23. Rfe1 e6 24. d6 fxe5 25. Qxe5+ Kh7 26. Nf3 Qd7 27. Rad1 Rce8 28. Qb2 Qxa4 29. Qxb6 Bc2 30. Qc7+ Kh6 31. Ra1 Qxc4 32. Rxa5 Qg4 33. h3 Qb4 34. Re3 Rc8 35. Qe7 Qxa5 36. Qg5+ Kg7 37. Qe5+ Kh6 38. Qg5+ Kg7 39. Qe5+ Kh6 1/2-1/2

[Event "Harburg-chA 3rd"]
[Site "Hamburg"]
[Date "2005.06.24"]
[Round "1"]
[White "Cording, Harm Wilhelm"]
[Black "Reddmann, Hauke"]
[Result "0-1"]
[WhiteElo "2284"]
[BlackElo "2344"]
[PlyCount "64"]
[EventDate "2005.06.??"]
[EventType "tourn"]
[EventRounds "5"]
[EventCountry "GER"]
[EventCategory "1"]
[SourceTitle "EXT 2006"]
[Source "ChessBase"]
[SourceDate "2005.11.24"]
[SourceVersion "1"]
[SourceVersionDate "2005.11.24"]
[SourceQuality "1"]

1. d4 Nf6 2. Nf3 e6 3. e3 b6 4. Bd3 Ba6 5. c4 c5 6. 0-0 Nc6 7. b3 Be7 8. Bb2 0-0 9. Nbd2 Rc8 10. Rc1 cxd4 11. exd4 d5 12. Qe2 Re8 13. Rfd1 dxc4 14. bxc4 Nb4 15. Bb1 Nbd5 16. Ne5 Nf4 17. Qf3 Ng6 18. Ne4 Rc7 19. Nc6 Qd7 20. d5 Nxe4 21. Nxe7+ Qxe7 22. Bxe4 exd5 23. Bxd5 Kh8 24. Qg3 Rcc8 25. Ba3 Qd7 26. h4 Qf5 27. Rd4 f6 28. Rg4 Re2 29. Bd6 Rce8 30. f3 Qd3 31. Bf7 Qe3+ 32. Kh1 Qxc1+ 0-1

[Event "GER-chT Seniors 13th"]
[Site "Dresden"]
[Date "2004.08.05"]
[Round "5"]
[White "Cording, Harm Wilhelm"]
[Black "Biebinger, Gerhard"]
[Result "1-0"]
[WhiteElo "2245"]
[BlackElo "2334"]
[PlyCount "81"]
[EventDate "2004.08.01"]
[EventType "team"]
[EventRounds "7"]
[EventCountry "GER"]
[SourceTitle "CBM 103 Extra"]
[Source "ChessBase"]
[SourceDate "2005.01.01"]
[SourceVersion "1"]
[SourceVersionDate "2005.01.01"]
[SourceQuality "1"]

1. d4 e6 2. e4 d5 3. Nd2 Nf6 4. e5 Nfd7 5. f4 c5 6. c3 Nc6 7. Ndf3 cxd4 8. cxd4 Nb6 9. Ne2 g6 10. Nc3 Bd7 11. Bd3 a5 12. 0-0 h5 13. Rf2 a4 14. g3 Be7 15. h3 Nb4 16. Bb1 Bc6 17. a3 Na6 18. Bd3 Nc7 19. b3 axb3 20. Qxb3 Nc4 21. a4 b5 22. Rfa2 b4 23. Nb5 0-0 24. Nxc7 Qxc7 25. g4 hxg4 26. hxg4 f5 27. gxf5 gxf5 28. Rh2 Rf7 29. Raa2 Rg7+ 30. Rhg2 Qa7 31. Qd1 Bf8 32. a5 Rb8 33. Rxg7+ Bxg7 34. Ng5 Qxd4+ 35. Kh1 Re8 36. Rg2 Re7 37. Qh5 Qxd3 38. Qh7+ Kf8 39. Nxe6+ Ke8 40. Qg8+ Kd7 41. Nc5+ 1-0

[Event "Hamburg-ch int"]
[Site "Hamburg"]
[Date "2003.06.14"]
[Round "8"]
[White "Laqua, Christian"]
[Black "Cording, Harm Wilhelm"]
[Result "1/2-1/2"]
[WhiteElo "2206"]
[BlackElo "2265"]
[PlyCount "23"]
[EventDate "2003.06.07"]
[EventType "swiss"]
[EventRounds "9"]
[EventCountry "GER"]
[SourceTitle "CBM 094 Extra"]
[Source "ChessBase"]
[SourceDate "2003.07.09"]
[SourceVersion "2"]
[SourceVersionDate "2003.07.09"]
[SourceQuality "1"]

1. g3 d5 2. Nf3 c6 3. b3 Bg4 4. Bg2 Nd7 5. Bb2 e6 6. d3 Ngf6 7. Nbd2 Bc5 8. 0-0 0-0 9. Qb1 a5 10. a3 Re8 11. b4 Bd6 12. c4 1/2-1/2

[Event "EU-chT Seniors 05th"]
[Site "Dresden"]
[Date "2003.02.26"]
[Round "4.1"]
[White "Pojedziniec, Wladyslaw"]
[Black "Cording, Harm Wilhelm"]
[Result "1/2-1/2"]
[WhiteElo "2225"]
[BlackElo "2265"]
[PlyCount "51"]
[EventDate "2003.02.23"]
[EventType "team-swiss"]
[EventRounds "7"]
[EventCountry "GER"]
[SourceTitle "EXT 2005"]
[Source "ChessBase"]
[SourceDate "2004.11.15"]
[SourceVersion "1"]
[SourceVersionDate "2004.11.15"]
[SourceQuality "1"]

1. d4 Nf6 2. c4 e6 3. Nc3 Bb4 4. f3 d5 5. a3 Bxc3+ 6. bxc3 c5 7. e3 Nc6 8. Bd3 0-0 9. cxd5 Nxd5 10. Ne2 e5 11. dxc5 Qh4+ 12. g3 Qh3 13. Kf2 Be6 14. c4 Nf6 15. Nc3 Rfd8 16. Qc2 Rd7 17. Bb2 Rad8 18. Rad1 Qh5 19. h3 e4 20. Nxe4 Nxe4+ 21. Bxe4 Rxd1 22. Rxd1 Qxh3 23. Rg1 Bxc4 24. Qc3 Qh2+ 25. Rg2 Qh6 26. f4 1/2-1/2

[Event "GER-chT Seniors 11th"]
[Site "Bad Segeberg"]
[Date "2002.08.12"]
[Round "7.1"]
[White "Schatzberg, Wolfgang"]
[Black "Cording, Harm Wilhelm"]
[Result "1/2-1/2"]
[WhiteElo "1931"]
[BlackElo "2269"]
[PlyCount "32"]
[EventDate "2002.08.06"]
[EventType "team"]
[EventRounds "7"]
[EventCountry "GER"]
[SourceTitle "EXT 2003"]
[Source "ChessBase"]
[SourceDate "2002.11.25"]
[SourceVersion "1"]
[SourceVersionDate "2002.11.25"]
[SourceQuality "1"]
[WhiteTeam "Brandenburg II"]
[BlackTeam "Hamburg"]
[WhiteTeamCountry "GER"]
[BlackTeamCountry "GER"]

1. d4 Nf6 2. c4 e6 3. Nc3 Bb4 4. e3 0-0 5. Nge2 d5 6. Ng3 c5 7. a3 Bxc3+ 8. bxc3 b6 9. cxd5 exd5 10. Be2 Ba6 11. 0-0 Bxe2 12. Qxe2 Re8 13. f3 Qd7 14. Bb2 Nc6 15. Rae1 Re6 16. Qd3 Rd8 1/2-1/2

[Event "GER-chT Seniors 11th"]
[Site "Bad Segeberg"]
[Date "2002.08.08"]
[Round "3.1"]
[White "Schramm, Bernd"]
[Black "Cording, Harm Wilhelm"]
[Result "1/2-1/2"]
[WhiteElo "2114"]
[BlackElo "2269"]
[PlyCount "55"]
[EventDate "2002.08.06"]
[EventType "team"]
[EventRounds "7"]
[EventCountry "GER"]
[SourceTitle "EXT 2003"]
[Source "ChessBase"]
[SourceDate "2002.11.25"]
[SourceVersion "1"]
[SourceVersionDate "2002.11.25"]
[SourceQuality "1"]
[WhiteTeam "Schleswig Holstein III"]
[BlackTeam "Hamburg"]
[WhiteTeamCountry "GER"]
[BlackTeamCountry "GER"]

1. e4 d5 2. exd5 Qxd5 3. Nf3 Bg4 4. Be2 Nc6 5. d4 e6 6. 0-0 0-0-0 7. Be3 Nf6 8. Nbd2 Bd6 9. h3 h5 10. c4 Qf5 11. Nh4 Bxe2 12. Qxe2 Qh7 13. a3 g5 14. Bxg5 Nxd4 15. Qe3 Be7 16. Ndf3 Nc2 17. Qxa7 Nxa1 18. Rxa1 Qe4 19. Re1 Qc2 20. Qa8+ Kd7 21. Qxb7 Ke8 22. Ne5 Kf8 23. Qxc7 Rd1 24. Bxf6 Rxe1+ 25. Kh2 Rh1+ 26. Kxh1 Qc1+ 27. Kh2 Qf4+ 28. Kg1 1/2-1/2

[Event "GER-chT Seniors 10th"]
[Site "Rheda Wiedenbrueck"]
[Date "2001.08.14"]
[Round "3.1"]
[White "Liebert, Heinz"]
[Black "Cording, Harm Wilhelm"]
[Result "1/2-1/2"]
[WhiteElo "2307"]
[BlackElo "2282"]
[PlyCount "83"]
[EventDate "2001.08.12"]
[EventType "team"]
[EventRounds "7"]
[EventCountry "GER"]
[SourceTitle "EXT 2002"]
[Source "ChessBase"]
[SourceDate "2001.11.25"]
[SourceVersion "1"]
[SourceVersionDate "2001.11.25"]
[SourceQuality "1"]
[WhiteTeam "Sachsen Anhalt Seniors"]
[BlackTeam "Hamburg Seniors"]
[WhiteTeamCountry "GER"]
[BlackTeamCountry "GER"]

1. c4 e5 2. Nc3 Nc6 3. Nf3 g6 4. d4 exd4 5. Nxd4 Bg7 6. Nxc6 bxc6 7. g3 Ne7 8. Bg2 0-0 9. 0-0 Rb8 10. Qc2 d6 11. Bg5 Bd7 12. Rad1 h6 13. Bc1 Qc8 14. b3 Bh3 15. Bb2 Bxg2 16. Kxg2 Qe6 17. Rd3 Nf5 18. Nd1 Bxb2 19. Qxb2 c5 20. Qd2 Rfe8 21. Nc3 h5 22. Rc1 h4 23. g4 Nd4 24. Rxd4 cxd4 25. Qxd4 Qe5 26. Qd2 c6 27. e4 g5 28. Rf1 Re6 29. h3 Rf6 30. Re1 a5 31. Re3 Qf4 32. e5 dxe5 33. Ne4 Re6 34. Qc2 f5 35. Nc5 Rd6 36. Rf3 Rd2 37. Qb1 Rxf2+ 38. Rxf2 Qg3+ 39. Kf1 Qxh3+ 40. Kg1 Qg3+ 41. Kf1 Qh3+ 42. Kg1 1/2-1/2